000 00464nam a2200157 a 4500
001 3495
005 20180713183425.0
008 140415s1989 000 0 spa d
041 _aspa
082 _a658.159
_bMAD
100 1 _aMADROÑO COSIO, MANUEL ENRIQUE
245 1 0 _aADMINISTRACION FINANCIERA DEL CIRCULANTE
260 _a[s.l.] :
_bINSTITUTO MEXICANO DE CONTADORES PUBLICOS,
_c1989
300 _a178
650 1 4 _aADMINISTRACION FINANCIERA
999 _c3495
_d3495